000 01010nam0a22002651 4500
001 rc\923874
005 20041129095204.6
035 _a(NLR Aleph) 006097680
090 _a5225522
_c5225522
100 _a20041129d1982 u |0rusy50 ca
101 0 _arus
102 _aRU
105 _aa |||||||||
200 1 _aПовышение эффективности бактериальных препаратов с помощью иммунодепрессантов
210 _aМ.
_cЦБНТИ Гослесхоза СССР
_d1982
215 _a48 с.
_cграф.
_d21
225 1 _aОхрана и защита леса
_eОбзор. информ.
_fГос. ком. СССР по лесн. хоз-ву. ЦБНТИ
_vВып. 2
300 _aАвт. указан в вып. дан.
320 _aБиблиогр.: с. 41-47
700 1 _aКрушев
_bЛ. Т.
_gЛеонид Тимофеевич
801 0 _aRU
_bNLR
_gpsbo
801 1 _aRU
_bELAR
_2rusmarc
852 _aNLR
_jП13/1609
942 _cBOOK
980 _aNB